| 000 | 00845nam a22001817a 4500 | ||
|---|---|---|---|
| 005 | 20240816113232.0 | ||
| 010 | _aHIN-128197 | ||
| 020 |
_a9788195146123 _c300.00 |
||
| 035 | _aHN-100543 | ||
| 037 | _bDBAD | ||
| 082 | _a820.8 | ||
| 100 |
_aदीक्षित, राजेश _970106 |
||
| 245 |
_aडॉ. धर्मवीर भारती के साहित्य का समग्र अनुशीलन / _cराजेश दीक्षित |
||
| 260 |
_aभोपल _bआईसेक्ट पब्लिकेशन _c2021 |
||
| 270 |
_a25 ए ,प्रेस काम्प्लेक्स ,एम .पी .नगर ,जोन -1 , _bभोपाल _e462011 _k0755-4923952 |
||
| 300 |
_a216पृ. _c21सेमी. (अजिल्द) |
||
| 942 |
_2ddc _cHN _h820.8 _kदीक्षित |
||
| 999 |
_c205040 _d205040 |
||